[Event "Hokkaido Ch.2017"]
[Site "Sapporo"]
[Date "2017.03.25"]
[Round "1.1"]
[White "Yamada, Akihiro"]
[Black "Shibuya, Kaisei"]
[Result "1-0"]
[WhiteElo "1970"]
[BlackElo "1529"]
[Annotator "Fritz 15 (30s)"]
[PlyCount "49"]

{D26: Queen's Gambit Accepted: 4 e3 e6 5 Bxc5 c5 sidelines} 1. d4 d5 2. c4 dxc4
3. Nf3 Nf6 4. e3 e6 5. Bxc4 Be7 6. O-O O-O 7. Qe2 (7. Qc2 b6 8. Nc3 Bb7 9. Rd1
Bxf3 10. gxf3 c6 11. f4 g6 12. e4 b5 13. Be2 a6 14. Bf3 Qc7 15. Be3 a5 16. Qe2
Nbd7 17. d5 b4 18. dxc6 bxc3 19. cxd7 Nxd7 20. Rac1 e5 21. Rxc3 Qb7 {Popov,V 
(2589)-Starostits,I (2507) Dresden 2007 1-0 (31)}) 7... Nbd7 $146 (7... a6 8.
a4 b6 (8... c5 9. dxc5 Bxc5 10. e4 Nc6 11. e5 Nd5 12. Rd1 Ncb4 13. Nc3 b6 14.
Bg5 Qc7 15. Rac1 Bb7 16. Ne4 Rfc8 17. a5 Qc6 18. Bxd5 Nxd5 19. Nd6 Rc7 20. Rc4
Qd7 21. axb6 Bxb6 22. Rg4 Bc5 23. Bh6 {Huss,A (2340)-Boguslavsky,O (2325)
Germany 2004 1/2-1/2 (72)}) 9. Rd1 Bb7 10. Nc3 Nbd7 11. e4 Ne8 12. e5 b5 13.
axb5 axb5 14. Rxa8 Qxa8 15. Bxb5 Nb6 16. Bd3 Nd5 17. Ne4 g6 18. Bh6 Ng7 19. Bg5
Bxg5 20. Nfxg5 h6 21. Nh3 Nf5 22. Bb1 {Kostiuk,T (2245)-Kovalenko,N (2207)
Kharkov 2003 1/2-1/2 (38)}) (7... c5 8. dxc5 Bxc5 9. e4 Nc6 10. e5 Nd5 11. Qe4
Na5 12. Ng5 g6 13. Qh4 h5 14. Bxd5 exd5 15. b4 Be7 16. bxa5 f6 17. Nf3 fxe5 18.
Qg3 Bf5 19. Nxe5 h4 20. Qb3 Qxa5 21. Bb2 Rad8 22. Nc3 {Souza,A (2331)-Chemin,V
(2193) Curitiba 2010 1-0}) 8. Nc3 Nb6 9. Bb3 c6 {Consolidates b5+d5} 10. e4 Qc7
11. h3 {Prevents intrusion on g4} c5 12. Be3 {Black has a cramped position} Rd8
(12... c4 13. Bc2 $16) 13. Rac1 (13. Nb5 $142 Qb8 14. dxc5 $16) 13... Qc6 $4 (
13... c4 $142 {and Black can hope to survive} 14. Bc2 Bd7 $14) 14. dxc5 $18
Bxc5 (14... Nbd7 15. Nd4 Qc7 16. Ncb5 $18) 15. Bxc5 (15. Nb5 $142 {makes it
even easier for White} Nbd7 16. e5 $18) 15... Qxc5 16. Nd5 Qf8 17. Nxf6+ gxf6
18. Rfd1 (18. Nh2 Bd7 $16) 18... Bd7 (18... Rxd1+ 19. Qxd1 Bd7 20. e5 $16) 19.
Nd4 Qg7 (19... Rac8 20. Rxc8 Rxc8 21. Qh5 $16) 20. Rc3 Kh8 21. Rg3 (21. Rc7 $5
$18) 21... Qh6 $16 22. Nb5 (22. e5 $142 $16) 22... Nc8 $4 (22... Bxb5 $142 {
would save the game} 23. Qxb5 Rxd1+ 24. Bxd1 Qc1 $11) 23. Qg4 Qg6 $4 {Black
has lost his nerve... understandable when you consider his position} (23... Ne7
24. Nd6 Be8 $18) 24. Qf4 Qh5 25. Qxf6# 1-0

[Event "Hokkaido Ch.2017"]
[Site "Sapporo"]
[Date "2017.03.25"]
[Round "1.2"]
[White "Hakamada, Eiji"]
[Black "Yoshii, Yukihiko"]
[Result "1/2-1/2"]
[WhiteElo "1432"]
[BlackElo "1828"]
[Annotator "Fritz 15 (30s)"]
[PlyCount "123"]

{A53: Old Indian Defence without Nf3} 1. c4 e5 2. Nc3 Nf6 3. e4 Be7 4. Nf3 d6
5. d4 Bg4 6. Be2 Nbd7 7. Bg5 $146 {Black has a cramped position} (7. Be3 O-O 8.
h3 (8. O-O Bh5 (8... Re8 9. d5 Nf8 (9... a5 10. Ne1 Bxe2 11. Qxe2 c6 12. b3
cxd5 13. cxd5 a4 14. Nd3 Qa5 15. Qb2 a3 16. Qd2 Rec8 17. Rac1 Bd8 18. Rc2 h6
19. f3 Bb6 20. Rfc1 Rc7 21. Bxb6 Qxb6+ 22. Qf2 Qa6 23. Nd1 Rxc2 24. Qxc2 {
Gipslis,A (2580)-Fernandez,C (2370) Havana 1971 1-0 (40)}) 10. h3 Bd7 11. b4
Ng6 12. c5 c6 13. Qb3 cxd5 14. exd5 Nf4 15. Bc4 N6h5 16. Ne4 b5 17. cxb6 axb6
18. a4 f5 19. Nc3 Bf6 20. a5 bxa5 21. bxa5 e4 22. Nd4 Bxd4 23. Bxd4 {
Najgebauer,S (2187)-Mrva,M (2435) Slovakia 2012 0-1}) 9. d5 Bg6 10. Nd2 Ne8 11.
Bg4 Kh8 12. Bh3 Ndf6 13. g3 Ng8 14. Qe2 Bg5 15. f4 exf4 16. gxf4 Bh6 17. Rae1
Nef6 18. e5 Bh5 19. Qg2 Nd7 20. Kh1 Re8 21. Rg1 g6 22. e6 fxe6 {Kortschnoj,V 
(2585)-Speelman,J (2630) Roquebrune 1992 1-0 (62)}) 8... Bxf3 9. Bxf3 Re8 10.
d5 Nf8 11. g3 N6d7 12. Qd2 Nb6 13. b3 Nfd7 14. Bg2 Bf6 15. O-O h6 16. Kh2 Bg5
17. f4 Bf6 18. f5 Bg5 19. Bxg5 Qxg5 20. Qxg5 hxg5 21. Bf3 Kf8 {Gruenfeld,
E-Lasker,E Moscow 1925 1/2-1/2 (99)}) (7. O-O O-O 8. Re1 c6 9. b3 Ne8 10. Bb2
Nc7 11. dxe5 dxe5 12. Nxe5 Nxe5 13. Bxg4 Qxd1 14. Bxd1 Nd3 15. Re2 Rfe8 16. Rb1
Nxb2 17. Rexb2 Bf6 18. Rc2 Bxc3 19. Rxc3 Rxe4 20. Bf3 Rd4 21. b4 Rad8 {Simic,R
(2485)-Kovacevic,V (2555) Medulin 1983 0-1 (48)}) 7... h6 {Black threatens to
win material: h6xg5} 8. Be3 O-O {Black has a cramped position} 9. h3 {White
threatens to win material: h3xg4} Bh5 {Black has a cramped position} 10. O-O c6
{Covers b5+d5} 11. dxe5 {White forks: d6+f6} dxe5 {White has an active
position.} 12. Qc2 {White has a very active position} (12. Nh4 Bxe2 13. Qxe2
Nxe4 14. Nxe4 Bxh4 $14) 12... Qc7 {White has an active position} 13. Rad1 Rfd8
14. Nh4 Bxe2 {Black forks: d1, f1+c4} 15. Nxe2 Nc5 16. Bxc5 Bxc5 17. a3 {
Controls b4} a5 18. Nf5 Bf8 19. Kh1 g6 {Black threatens to win material: g6xf5}
20. Ne3 Qe7 21. Nc3 Rac8 22. Qe2 Rd4 23. Nc2 Rd7 24. Rxd7 Qxd7 25. Rd1 {
White threatens to win material: Rd1xd7} Qe6 26. Na4 b5 27. cxb5 (27. Nc3 $5
$15 {should be investigated more closely}) 27... cxb5 $17 28. Nc3 Qc6 (28...
Qb3 $5 29. Ne3 Bxa3 $17) 29. Rd2 $11 b4 30. axb4 Bxb4 31. Nxb4 axb4 32. Nd5
Nxd5 33. Rxd5 {White can be proud of that piece} (33. exd5 Qd6 $11) 33... Kg7 (
33... Qc1+ 34. Rd1 Rc2 35. Rxc1 Rxe2 36. b3 $17) 34. Qd2 (34. Kh2 Qc1 35. Qd2
Qxd2 36. Rxd2 b3 $15) 34... Qc1+ (34... b3 35. Rd3 Qxe4 36. f3 $17) 35. Kh2 $15
Qxd2 {Black has a mate threat} 36. Rxd2 {A rook endgame occured} Rc4 37. f3 h5
38. Kg3 (38. h4 f5 39. exf5 gxf5 $11) 38... g5 (38... f5 39. Rd7+ Kh6 40. Rd5
fxe4 41. fxe4 Rxe4 42. Kf3 $11) 39. Rf2 (39. h4 gxh4+ 40. Kxh4 Rd4 $11) 39...
b3 (39... h4+ $142 40. Kh2 Rc1 $15) 40. Rd2 $4 (40. Re2 $142 $11 {and White
can hope to live}) 40... Rc2 $19 41. Rd5 $2 (41. Rd6 Rxb2 42. Rb6 h4+ 43. Kg4
Rxg2+ 44. Kf5 b2 $19) 41... f6 (41... h4+ $142 {and the rest is a matter of
technique} 42. Kh2 f6 $19) 42. Rd7+ Kg6 43. Rd8 $2 (43. Rb7 $142 Rxb2 44. Kh2
$19) 43... h4+ 44. Kh2 Rxb2 45. Rg8+ (45. Rd3 $19) 45... Kf7 46. Rb8 Rb1 (46...
Ke7 $5 {might be the shorter path} 47. Rb6 $19) 47. Rb7+ Kg6 (47... Ke6 {
seems even better} 48. Rb6+ Kd7 49. Rxf6 $19) 48. Rb8 $2 (48. g4 $142 $19)
48... b2 49. Rg8+ Kf7 50. Rb8 Ke7 51. Rb6 Kd7 52. Rb3 Kc6 53. Rb8 Kc5 54. Rc8+
Kd4 55. Rb8 Kd3 56. Rd8+ Ke2 57. Rb8 Kd2 58. Rd8+ Kc2 59. Rc8+ Kd2 60. Rd8+ Ke2
{Twofold repetition} 61. Rb8 Kf2 62. Rb7 1/2-1/2

[Event "Hokkaido Ch.2017"]
[Site "Sapporo"]
[Date "2017.03.25"]
[Round "1.3"]
[White "Aoki, Yasuhiro"]
[Black "Koyahata, Taku"]
[Result "1-0"]
[WhiteElo "1778"]
[BlackElo "1349"]
[Annotator "Fritz 15 (30s)"]
[PlyCount "65"]

{A29: English Opening: Four Knights Variation with 4 g3} 1. c4 e5 2. Nc3 Bc5 3.
Nf3 Nc6 4. g3 Nf6 5. Bg2 O-O 6. O-O d6 7. d3 h6 8. Bd2 (8. e3 a6 9. h3 Ba7 10.
Kh2 Be6 11. b3 d5 12. Ba3 Re8 13. cxd5 Nxd5 14. Rc1 Nxc3 15. Rxc3 Bd5 16. Qc2
Bb6 17. Rc1 Qf6 18. Ne1 Bxg2 19. Kxg2 Rad8 20. Rc4 Qe6 21. Qe2 Rd5 22. Bc5 Red8
{Karpov,A (2780)-Illescas Cordoba,M (2595) Dos Hermanas 1995 1/2-1/2 (54)})
8... Be6 (8... a5 9. Rc1 Bf5 10. Nd5 Nxd5 11. cxd5 Ne7 12. Nxe5 Bxf2+ 13. Rxf2
dxe5 14. Qc2 c6 15. dxc6 bxc6 16. Qa4 Be6 17. Be3 Bd5 18. Bh3 Ng6 19. Bc5 Qg5
20. e3 Rfb8 21. b3 Rb5 22. Qa3 e4 23. Bf1 {Kirschner,A (2260)-Wertjanz,D (2209)
Austria 2011 1/2-1/2 (60)}) 9. Ne1 $146 (9. a3 a5 10. Rc1 Qd7 11. e3 Bf5 12.
Qc2 Rfe8 13. Nd5 Nxd5 14. cxd5 Nd8 15. e4 Bg4 16. Be3 Bxe3 17. fxe3 c5 18. Nh4
b5 19. Nf5 a4 20. Qf2 Rb8 21. Rc2 b4 22. Nxg7 Kxg7 23. Qf6+ Kh7 {Wegerer,F 
(2240)-Pezerovic,E (2435) Munich 1993 0-1 (48)}) 9... Qd7 10. Nc2 Bh3 11. Ne3
Bxg2 12. Kxg2 {White king safety dropped} Rfe8 13. Ned5 Nxd5 14. Nxd5 Re6 15.
b4 {White threatens to win material: b4xc5} Bd4 {Black threatens to win
material: Bd4xa1} 16. Rb1 a6 (16... Ne7 17. e3 Bb6 18. a4 $11) 17. Qa4 Rc8 18.
e3 {White threatens to win material: e3xd4} Ba7 19. b5 {White threatens to win
material: b5xc6. White forks: a6+c6} Nb8 (19... Ne7 20. Qb3 $14) 20. Rfc1 c6 $4
(20... Bc5 $142 $14 {would bring relief}) 21. b6 $18 cxd5 22. Qxd7 Nxd7 23.
bxa7 Nb6 (23... Ree8 {there is nothing else anyway} 24. cxd5 Rxc1 25. Rxc1 Kf8
$18) 24. Rxb6 (24. cxd5 $142 {keeps an even firmer grip} Ree8 25. Rxb6 Ra8 26.
Rxb7 Kh7 27. Rxf7 Rf8 28. Rxf8 Rxa7 $18) 24... Re7 25. Rcb1 (25. cxd5 $142 {
and the result of the game is clear: White will win} Ra8 26. Bb4 Rd7 27. Bxd6
Rxa7 28. Rc8+ Kh7 $18) 25... Ra8 26. Rxb7 Rxa7 27. Rxa7 Rxa7 28. cxd5 Kf8 29.
Rb6 Ke7 (29... f6 {does not help much} 30. Rxd6 Kf7 31. Kf3 $18) 30. Bb4 f6 31.
Rxd6 Ke8 32. Bc5 Rb7 (32... Rc7 {is not the saving move} 33. d4 $18) 33. Rxa6 (
33. Rxa6 Rb5 34. Ra8+ Kd7 35. Ra7+ Kc8 36. d4 exd4 37. Bxd4 Rxd5 38. Rxg7 $18)
1-0

[Event "Hokkaido Ch.2017"]
[Site "Sapporo"]
[Date "2017.03.25"]
[Round "1.4"]
[White "Ito, Katsuhide"]
[Black "Manabe, Hiroaki"]
[Result "0-1"]
[WhiteElo "1328"]
[BlackElo "1755"]
[Annotator "Fritz 15 (30s)"]
[PlyCount "66"]

{B02: Alekhine's Defence: Chase Variation and lines with early Nc3} 1. e4 Nf6
2. Nc3 d5 3. exd5 Nxd5 4. Nge2 e5 (4... e6 5. g3 Nxc3 6. Nxc3 Bd7 7. Bc4 c5 8.
O-O Nc6 9. Re1 Nd4 10. Bd5 Bc6 11. Bxc6+ Nxc6 12. d3 Be7 13. Be3 O-O 14. Ne4 b6
{1/2-1/2 (14) Keres,P (2615)-Marovic,D (2475) Yerevan 1971}) (4... Nb6 5. g3
Bg4 6. Bg2 Nc6 7. h3 Bh5 8. d3 e5 9. Be3 Be7 10. Qd2 O-O 11. O-O Re8 12. g4 Bg6
13. f4 exf4 14. Nxf4 Bg5 15. Rae1 Qd6 16. Nxg6 Rxe3 17. Rxe3 Qd4 18. Nf4 Nc4
19. Qf2 {Popov,S (2188)-Stojanovic,V (2205) Stari Banovci 2013 1/2-1/2}) 5. d4
$146 (5. Nxd5 Qxd5 6. Nc3 Qd6 7. Bc4 Be7 8. O-O O-O 9. Nd5 Be6 10. Nxe7+ Qxe7
11. Bxe6 Qxe6 12. d4 Rd8 13. Qf3 e4 14. Qg3 Rxd4 15. Qxc7 Nc6 16. Qxb7 Rb8 17.
Qc7 Rc8 18. Qg3 Rc4 19. c3 Ne7 {Ambrus,E (2376)-Grunberg,M (2381) Sovata 2001
0-1 (51)}) 5... Nxc3 6. bxc3 {White's piece can't move: f1} Nc6 7. g3 (7. d5 $5
{has some apparent merit} Na5 8. Ng3 $11) 7... Qd5 $17 8. Rg1 Bg4 9. Qd3 O-O-O
(9... exd4 10. Bg2 Qe6 11. Bxc6+ bxc6 12. f3 $17) 10. Bg2 $15 Qd6 (10... Qd7
$142 11. Rb1 a6 $15) 11. f4 $2 (11. Rb1 a6 $11) 11... Bxe2 $4 {throwing away
the advantage} (11... exd4 $142 $5 12. Nxd4 Nxd4 13. cxd4 Qxd4 14. Qxd4 Rxd4
$19) 12. Qf5+ (12. Kxe2 exd4 13. Qf5+ Kb8 $15) 12... Kb8 (12... Rd7 $5 13. fxe5
Nxd4 14. exd6 Nxf5 15. Kxe2 Bxd6 $17) 13. fxe5 $15 Nxe5 (13... Nxd4 $142 14.
exd6 Nxf5 15. dxc7+ Kxc7 16. Kxe2 Bc5 $11) 14. Qxe5 $4 {releasing the pressure
on the opponent} (14. Kxe2 $142 {would allow White to play on} Qa6+ 15. Ke1 $11
) 14... Qxe5 $17 15. dxe5 Bg4 (15... Bc5 16. Kxe2 Bxg1 17. Bf4 $17) 16. Bg5 (
16. Be3 Re8 17. Bd4 c5 $17) 16... Rd7 (16... Re8 17. Be3 Rxe5 18. Kd2 $19) 17.
Rb1 (17. Be3 $17) 17... c5 (17... Bc5 $142 $5 18. Rxb7+ Kc8 $19) 18. h3 {
White threatens to win material: h3xg4} (18. Kf2 c4 19. Be3 Ba3 $11) 18... Bf5
19. Rb2 Be7 {Black threatens to win material: Be7xg5} 20. Bxb7 Bxg5 {Black
wins a piece} 21. Bc6+ $4 (21. Be4+ $142 $1 {this is the best way to fight back
} Kc7 22. Bxf5 $11) 21... Kc7 $19 22. Bxd7 Bxd7 23. h4 Bh6 24. Kf2 Re8 25. Rgb1
Bc6 26. Re1 $2 (26. c4 $19) 26... Bd2 27. Rd1 Bxc3 28. Rb3 Bd4+ 29. Kf1 (29.
Ke2 {does not improve anything} Bxe5 30. Kd2 c4 $19) 29... Rxe5 30. c3 (30. Rd2
{hardly improves anything} Bd5 31. Ra3 a6 $19) 30... Rf5+ 31. Ke1 (31. Ke2 {
is not much help} Bf3+ 32. Kd2 Bxc3+ 33. Rxc3 Rd5+ 34. Kc1 Bxd1 $19) 31... Bf2+
32. Ke2 (32. Kd2 {praying for a miracle} Rd5+ 33. Ke2 Rxd1 34. Ra3 $19) 32...
Bf3+ 33. Kd2 Rd5+ (33... Rd5+ 34. Kc1 Rxd1+ 35. Kc2 Bxg3 $19) 0-1

[Event "Hokkaido Ch.2017"]
[Site "Sapporo"]
[Date "2017.03.25"]
[Round "1.5"]
[White "Watanabe, Katsumi"]
[Black "Sato, Takeru"]
[Result "1-0"]
[WhiteElo "1732"]
[BlackElo "1230"]
[Annotator "Fritz 15 (30s)"]
[PlyCount "45"]

{A52: Budapest Gambit} 1. d4 Nf6 2. c4 e5 3. dxe5 Ng4 4. f4 Bb4+ $146 (4... Bc5
5. Nh3 Nc6 6. e4 d6 7. e6 Bxe6 8. f5 Nge5 9. fxe6 Qh4+ 10. Kd2 Nd4 11. exf7+
Nxf7 12. Bd3 Ng5 13. Nxg5 Qxg5+ 14. Kc3 Qe5 15. Na3 a5 16. Bb1 O-O 17. Kd3 Rf2
18. Be3 Re8 19. Qg4 {Violla Cunha,M (2322)-Martins,J (2230) Rio de Janeiro
2015 0-1 (32)}) (4... Bc5 $142 $5 {is interesting} 5. Nh3 d6 $15) 5. Nc3 $14
O-O 6. Nf3 b6 7. e3 (7. h3 Nh6 $16) 7... Bb7 (7... Na6 8. Be2 $16) 8. Be2 (8.
Bd3 $5 $16) 8... Bxc3+ 9. bxc3 d6 10. exd6 Re8 (10... cxd6 11. O-O Qe7 12. Bd3
$11) 11. Qd3 (11. c5 $5 Nd7 12. Ng5 $14) 11... Be4 {Black threatens to win
material: Be4xd3} 12. Qd1 cxd6 13. O-O Qf6 $4 (13... Nc6 $142 $11 {was
necessary}) 14. Ng5 $18 Nh6 (14... Bf5 15. e4 Nxh2 16. Kxh2 Bd7 $18) 15. Nxe4
Rxe4 16. Bf3 (16. Qd5 $5 {might be the shorter path} Nc6 17. Qxe4 Rc8 $18)
16... Rxc4 (16... Qe6 {the last chance for counterplay} 17. c5 Nd7 18. Qxd6
Qxd6 19. cxd6 Nf6 $18) 17. Bxa8 Nf5 (17... Rc8 {doesn't do any good} 18. Qd4
Qe6 19. Bd5 $18) 18. Bf3 (18. e4 $142 {and White can already relax} Qxc3 19.
Rb1 $18) 18... Rxc3 (18... Nd7 $18 {no good, but what else?}) 19. Bb2 Nxe3 (
19... b5 {cannot change destiny} 20. Qd2 b4 21. Bxc3 bxc3 22. Rac1 $18) 20.
Bxc3 Qxc3 21. Qc1 (21. Qxd6 h6 22. Rac1 Nc2 23. Qxb8+ Kh7 24. Be4+ g6 25. Bxc2
Qd4+ 26. Kh1 Qf6 27. Bd3 Kg7 28. f5 gxf5 29. Rc8 Kh7 30. Rg8 a5 31. Rxf5 Qa1+
32. Rf1+ f5 33. Bxf5#) 21... Nc2 22. Rb1 Nd7 (22... Qc5+ {doesn't change
anything anymore} 23. Rf2 Nd4 24. Qe1 Nxf3+ 25. gxf3 $18) 23. Rf2 (23. Rf2 Nf8
24. Qxc2 $18) 1-0

[Event "Hokkaido Ch.2017"]
[Site "Sapporo"]
[Date "2017.03.25"]
[Round "1.6"]
[White "Kimura, Yusei"]
[Black "Sato, Tsubasa"]
[Result "0-1"]
[WhiteElo "1009"]
[BlackElo "1677"]
[Annotator "Fritz 15 (30s)"]
[PlyCount "94"]

{C24: Bishop's Opening: 2...Nf6} 1. e4 e5 2. Bc4 Nf6 3. d3 h6 (3... d5 4. exd5
c6 5. dxc6 Nxc6 6. Nc3 Bc5 7. Be3 Bxe3 8. fxe3 Qb6 9. Qc1 O-O 10. h3 Na5 11.
Bb3 Nh5 12. Nge2 Qf6 13. Ne4 Qh4+ 14. g3 Nxb3 15. axb3 Qe7 16. Qd2 f5 17. N4c3
f4 18. exf4 {Perovic,D (2345)-Hector,J (2395) Malmo 1986 0-1}) 4. Nf3 (4. f4
Nc6 5. Nf3 exf4 6. Bxf4 d6 7. O-O Be7 8. Nc3 Na5 9. Bb3 Nxb3 10. axb3 Bg4 11.
h3 Bh5 12. Qd2 O-O 13. Nd4 Bg6 14. Rae1 Nh5 15. Be3 Bh4 16. Ra1 a6 17. Nf5 Ng3
18. Rf3 Bxf5 {Mitkov,N (2520)-Klossner,J (2171) Bern 2004 1-0 (39)}) 4... d6 5.
h3 $146 {Consolidates g4} (5. O-O Be7 6. h3 O-O 7. Be3 Nc6 8. c3 a6 9. b4 d5
10. exd5 Nxd5 11. Qb3 Be6 12. a4 f5 13. a5 Qd7 14. Nbd2 Rad8 15. Bc5 Rfe8 16.
Bxe7 Rxe7 17. Rfe1 Bf7 18. Rad1 Kh8 19. Ne4 b6 {Ranieri,F (2165)-Everet,A 
(2348) Bratto 2000 0-1}) 5... b6 6. b4 Bb7 7. Nc3 Be7 8. O-O O-O 9. Re1 Re8 10.
d4 {White threatens to win material: d4xe5} Nbd7 {Black has a cramped position}
11. Ba3 (11. d5 a5 12. Ba3 Qc8 $11) 11... a6 {Secures b5} 12. Bd5 (12. d5 b5
13. Bb3 Nb6 $11) 12... Nxd5 13. exd5 Bf6 14. Kf1 $2 (14. Bb2 $5 $15) 14... b5 (
14... exd4 15. Rxe8+ Qxe8 16. Nxd4 $19) 15. Qd2 (15. dxe5 $5 dxe5 16. Nd2 $17)
15... Nb6 $19 16. dxe5 (16. Qd3 Nc4 17. Bc1 exd4 18. Rxe8+ Qxe8 19. Nxd4 Qe5
$19) 16... dxe5 (16... Nc4 $142 17. Qd1 dxe5 $19) 17. Re4 $2 (17. Rad1 Nc4 18.
Qc1 Be7 19. Nxe5 Bf6 20. Nxc4 Rxe1+ 21. Rxe1 Bxc3 $19) 17... Nc4 (17... Nxd5 {
seems even better} 18. Nxd5 Qxd5 19. Rae1 Qxd2 20. Nxd2 Bxe4 21. Nxe4 $19) 18.
Qc1 $2 (18. Rxc4 bxc4 19. Re1 $19) 18... Bxd5 19. Nxd5 (19. Bb2 {doesn't
change the outcome of the game} Bxe4 20. Nxe4 Be7 $19) 19... Qxd5 20. Re2 (20.
Qe1 {there is nothing better in the position} Nxa3 21. Qe2 $19) 20... e4 21.
Ne1 (21. Qd1 {a fruitless try to alter the course of the game} Red8 22. Qxd5
Rxd5 23. Rxe4 Bxa1 $19) 21... Bxa1 22. Qxa1 Nxa3 23. Qc1 Nc4 24. c3 (24. Kg1 {
doesn't improve anything} a5 25. bxa5 Rxa5 $19) 24... Rad8 25. Kg1 Qd1 26. Qxd1
Rxd1 27. Kh2 (27. a3 {is no salvation} Nxa3 28. Kf1 Nc4 $19) 27... Rd2 28. Rxd2
Nxd2 29. Kg3 Nb1 30. Kf4 Nxc3 31. a3 Nd5+ 32. Kg3 f5 33. f4 g5 34. fxg5 hxg5
35. Kf2 f4 36. a4 Nxb4 37. axb5 (37. h4 {does not save the day} bxa4 38. Ke2
gxh4 39. Kd2 a3 40. Kc3 a2 41. Kb2 Rd8 42. g4 Rd2+ 43. Kc3 a1=Q+ 44. Kxd2 Qb2+
45. Kd1 e3 46. Nc2 Qxc2+ 47. Ke1 Qd2+ 48. Kf1 Qf2#) 37... axb5 (37... Nd3+ 38.
Kf1 Nxe1 39. Kxe1 axb5 40. Kf1 e3 41. Ke2 b4 42. h4 gxh4 43. g3 fxg3 44. Kd1
e2+ 45. Kc2 e1=Q 46. Kb3 Qc3+ 47. Ka4 Rb8 48. Ka5 Qa3#) 38. g3 Rd8 (38... Nd3+
39. Ke2 Nxe1 40. gxf4 gxf4 41. Kxe1 e3 42. Ke2 f3+ 43. Kxf3 e2 44. Kf4 e1=Q 45.
Kg4 Kg7 46. h4 Qe3 47. h5 Kh6 48. Kh4 Re4#) 39. gxf4 gxf4 (39... Nd3+ 40. Kg3
Nxe1 41. h4 e3 42. hxg5 Nc2 43. Kf3 Rd2 44. f5 e2 45. f6 e1=Q 46. f7+ Kxf7 47.
Kf4 Qf2+ 48. Ke5 Re2+ 49. Kd5 Nb4#) 40. h4 (40. Ng2 {cannot undo what has
already been done} Nd3+ 41. Kg1 Ra8 42. h4 Ra1+ 43. Kh2 Ra2 44. Kh3 e3 45. Ne1
Nxe1 46. Kg4 Nd3 47. Kf5 e2 48. Ke6 e1=Q+ 49. Kd7 Qe5 50. Kc8 Nc5 51. Kb8 c6+
52. Kc8 Ra8#) 40... Rd2+ 41. Kf1 (41. Kg1 {doesn't get the bull off the ice} f3
42. h5 f2+ 43. Kf1 Nd5 44. Nc2 Rxc2 45. Kg2 Ne3+ 46. Kg3 f1=Q 47. Kh4 Qf4+ 48.
Kh3 Rh2#) 41... Nd5 42. Ng2 (42. Kg1 {does not solve anything} f3 43. Nxf3 exf3
44. h5 Ne3 45. h6 Ng4 46. h7+ Kxh7 47. Kh1 Rd1#) 42... f3 43. Ne1 Ne3+ 44. Kg1
f2+ 45. Kh2 fxe1=Q+ 46. Kh3 Qh1+ 47. Kg3 Qh2# 0-1

[Event "Hokkaido Ch.2017"]
[Site "Sapporo"]
[Date "2017.03.25"]
[Round "1.7"]
[White "Numata, Takeshi"]
[Black "Kudo, Sotaro"]
[Result "1-0"]
[WhiteElo "1656"]
[BlackElo "952"]
[Annotator "Fritz 15 (30s)"]
[PlyCount "57"]

{A13: English Opening: 1...e6} 1. d4 Nc6 2. Nf3 e6 (2... Nf6 3. d5 Nb8 4. c4 e6
5. Nc3 Bc5 6. g3 c6 7. Bg2 cxd5 8. cxd5 exd5 9. O-O Nc6 10. Bg5 Be7 11. Nxd5
Nxd5 12. Qxd5 O-O 13. Rfd1 d6 14. Rd2 Re8 15. Bxe7 Rxe7 16. Qxd6 Rd7 17. Qf4 {
Solozhenkin,E (2545)-Okhotnik,V (2438) St Quentin 1999 1/2-1/2 (58)}) 3. c4 (3.
g3 Nf6 4. Bg2 Bb4+ 5. c3 Be7 6. O-O d6 7. c4 e5 8. d5 Nb8 9. Nc3 Nbd7 10. e4
Nf8 11. c5 Ng6 12. cxd6 cxd6 13. h3 O-O 14. Be3 Ne8 15. Qb3 b6 16. h4 h6 17.
Rac1 f5 {Kojima,S (2264)-Vamos,V (2232) Kecskemet 2012 1-0 (66)}) 3... Qf6 $146
(3... Bb4+ 4. Bd2 Be7 (4... Qe7 5. g3 (5. e4 Bxd2+ 6. Qxd2 a5 7. Nc3 d6 8. e5
dxe5 9. dxe5 Qc5 10. O-O-O Nge7 11. Ne4 Qb4 12. Qc2 a4 13. a3 Qa5 14. c5 h6 15.
h4 Bd7 16. h5 O-O-O 17. Bc4 Kb8 18. Kb1 Bc8 19. Qc3 Bd7 {Peralta,F (2516)
-Barrionuevo,P (2223) Buenos Aires 2003 1/2-1/2 (55)}) 5... f5 6. Bg2 Nf6 7.
O-O Bxd2 8. Qxd2 Ne4 9. Qc2 b6 10. Nc3 Nxc3 11. Qxc3 Bb7 12. d5 Nd8 13. Nd4 O-O
14. e4 c5 15. dxc6 Nxc6 16. exf5 Nxd4 17. Qxd4 Bxg2 18. Kxg2 Rxf5 19. Rad1 {
Peralta,F (2408)-Dolezal,C (2378) Villa Ballester 2001 1/2-1/2 (40)}) 5. g3 Nf6
6. Bg2 d5 7. O-O O-O 8. Qc2 Ne4 9. a3 Bf6 10. e3 Ne7 11. Nc3 Nxc3 12. Bxc3 c6 {
1/2-1/2 (12) Sebenik,M (2190)-Soln,P (2410) Schwarzach 1999}) (3... Nf6 4. Nc3
$11) 4. Bg5 (4. e4 Bb4+ 5. Nc3 d6 $16) 4... Bb4+ 5. Nc3 Qf5 6. e3 e5 7. d5 {
White threatens to win material: d5xc6} Na5 (7... e4 8. Qc2 Bxc3+ 9. bxc3 $11)
8. Bh4 $14 e4 $2 (8... Bxc3+ $142 {and Black has air to breath} 9. bxc3 b6 $14)
9. Nd4 $18 Qe5 10. Bg3 Qe7 (10... Qf6 11. Ndb5 Kf8 12. Qc2 $18) 11. Bxc7 (11.
Ndb5 {keeps an even firmer grip} d6 12. Qa4 c5 13. dxc6 Nxc6 $18) 11... Qc5 $2
(11... b6 12. Bf4 Nh6 13. Rc1 $18) 12. Bxa5 (12. Qg4 $142 {and White has
prevailed} Nxc4 13. Qxg7 Nxb2 14. Ndb5 Bxc3+ 15. Nxc3 Qxc7 16. Qxh8 $18) 12...
Bxa5 (12... Qxa5 13. Nde2 $16) 13. Nb3 (13. Qg4 Kf8 14. Qxe4 $18) 13... Qb4 $2
(13... Bxc3+ $142 $5 14. bxc3 Qe7 $16) 14. Nxa5 Qxa5 15. Qg4 Nf6 $4 {but even
a better move would not have saved the game} (15... Kf8 $18) 16. Qxg7 Rg8 17.
Qxf6 Qb4 (17... Qb6 {is one last hope} 18. d6 Qd8 $18) 18. d6 Kf8 19. Qh6+ Rg7
20. O-O-O Qa5 21. Rd5 Qb4 (21... Qd8 {doesn't improve anything} 22. Nxe4 b6 23.
Rg5 Qxg5 24. Nxg5 Kg8 25. Bd3 f5 26. g4 Bb7 27. gxf5 Be4 28. f6 Rxg5 29. Bxe4
Re8 30. Qxg5+ Kf7 31. Bd5+ Re6 32. Qg7+ Ke8 33. Qg8#) 22. Rg5 (22. Re5 b6 23.
Qf6 Qxc3+ 24. bxc3 Ba6 25. Qe7+ Kg8 26. Qe8+ Rxe8 27. Rxe8#) 22... Qxd6 23.
Qxd6+ Kg8 24. Rxg7+ Kxg7 25. Nxe4 b6 (25... Kg8 {doesn't get the cat off the
tree} 26. Nf6+ Kg7 27. Nh5+ Kg8 28. Qf6 Kf8 29. Qd8#) 26. h4 (26. Qf6+ Kg8 27.
Nd6 Ba6 28. Nf5 h5 29. Qg7#) 26... Ba6 (26... Bb7 {does not win a prize} 27.
Ng3 Kg8 28. Nf5 Be4 29. Qg3+ Kf8 30. Qg7+ Ke8 31. Qg8#) 27. Rh3 Rc8 (27... h6 {
cannot change what is in store for ?} 28. Rg3+ Kh7 29. Qe5 f6 30. Qe7+ Kh8 31.
Qg7#) 28. Rg3+ Kh8 29. Qf6# 1-0